Záväzky a pohľadávky vyplývajúce z daní a dotácií v účtovníctve podnikateľov bakalárska práca

Salvato in:
Dettagli Bibliografici
Autore principale: Kopincová, Adriana
Ente Autore: Fakulta hospodárskej informatiky EU. Katedra účtovníctva a audítorstva
Altri autori: Lovciová, Kornélia, 1983-
Natura: Libro
Lingua:slovacco
Pubblicazione: Bratislava 2017
Tags: Aggiungi Tag
Nessun Tag, puoi essere il primo ad aggiungerne!!

MARC

LEADER 00000nbm a2200000 4500
001 0233102
005 20180412141251.7
041 0 |a slo 
044 |a SK 
245 1 0 |a Záväzky a pohľadávky vyplývajúce z daní a dotácií v účtovníctve podnikateľov  |b bakalárska práca  |c Adriana Kopincová ; školiteľ: Kornélia Lovciová 
264 1 |a Bratislava  |c 2017 
300 |a 49 s. 
100 1 |a Kopincová, Adriana 
700 1 |a Lovciová, Kornélia, 1983- 
710 2 |a Fakulta hospodárskej informatiky EU. Katedra účtovníctva a audítorstva